Tous les Pokémons de type Eau - Statistiques

Statistiques générales
  • Ce quiz a été pris 74 fois
  • Le résultat moyen est 102 sur 160
Statistiques - réponses
Hint Réponse % Correct
Eau pur Carabaffe
98%
Eau pur Carapuce
98%
Eau pur Tortank / Méga-Tortank
98%
Eau / Vol Léviator
97%
Eau / Ténèbres Méga-Léviator
97%
Eau pur Magicarpe
95%
Eau pur Aligatueur
93%
Eau pur Kaiminus
93%
Eau pur Tiplouf
91%
Eau pur Crocrodil
86%
Eau pur Gobou
86%
Eau pur Prinplouf
86%
Eau / Poison Tentacool
86%
Eau / Sol Laggron / Méga-Laggron
84%
Eau / Glace Lokhlass
84%
Eau / Acier Pingoléon
84%
Eau pur Poissirène
84%
Eau pur Poissoroy
84%
Eau / Poison Tentacruel
84%
Eau pur Têtarte
84%
Eau pur Moustillon
83%
Eau / Combat Tartard
83%
Eau / Sol Flobio
81%
Eau / Glace Lamantine
81%
Eau pur Otaria
81%
Eau pur Ptitard
81%
Eau / Ténèbres Amphinobi
79%
Eau pur Clamiral
79%
Eau / Ténèbres Clamiral de Hisui
79%
Eau / Glace Crustabri
79%
Eau pur Grenousse
79%
Eau pur Kyogre / Primo-Kyogre
79%
Eau pur Croâporal
78%
Eau / Électrik Lanturn
78%
Eau / Plante Nénupiot
76%
Eau pur Stari
76%
Eau / Roche Amonita
74%
Eau pur Aquali
74%
Eau pur Hypocéan
74%
Eau / Dragon Hyporoi
74%
Eau pur Hypotrempe
74%
Eau / Plante Ludicolo
74%
Eau / Ténèbres Sharpedo / Méga-Sharpedo
74%
Eau / Psy Staross
74%
Eau pur Wailmer
74%
Eau / Roche Amonistar
72%
Eau / Fée Azumarill
72%
Eau pur Kokiyas
72%
Eau / Plante Lombre
72%
Eau / Fée Marill
72%
Eau pur Milobellus
72%
Eau pur Psykokwak
72%
Eau pur Wailord
72%
Eau pur Akwakwak
71%
Eau pur Barpau
71%
Eau / Glace Kaimorse
71%
Eau pur Krabboss
71%
Eau pur Krabby
71%
Eau pur Mateloutre
71%
Eau / Glace Obalie
71%
Eau pur Tarpaud
71%
Eau pur Coquiperl
69%
Eau / Électrik Loupio
69%
Eau / Fée Oratoria
69%
Eau pur Otaquin
69%
Eau / Glace Phogleur
69%
Eau / Sol Axoloto
67%
Eau / Vol Bekipan
67%
Eau / Ténèbres Carvanha
67%
Eau / Vol Goélise
67%
Eau / Sol Maraiste
67%
Eau pur Mustébouée
67%
Eau pur Mustéflott
67%
Eau pur Suicune
67%
Eau / Psy Flagadoss / Méga-Flagadoss
66%
Eau / Roche Kabuto
66%
Eau pur Otarlette
66%
Eau / Psy Ramoloss
66%
Eau / Insecte Arakdo
64%
Eau / Vol Couaneton
64%
Eau / Roche Kabutops
64%
Eau / Vol Lakmécygne
64%
Eau / Dragon Palkia
64%
Eau / Combat Palmaval
64%
Eau pur Rémoraid
64%
Eau / Psy Roigada
64%
Eau / Feu Volcanion
64%
Eau / Vol Babimanta
62%
Eau / Sol Barbicha
62%
Eau pur Coiffeton
62%
Eau pur Écrapince
62%
Eau pur Lézargus
62%
Eau pur Lovdisc
62%
Eau / Spectre Moyade
62%
Eau / Spectre Viskuse
62%
Eau / Insecte Araqua
60%
Eau pur Bargantua
60%
Eau / Vol Démanta
60%
Eau pur Larméléon
60%
Eau pur Octillery
60%
Eau / Roche Relicanth
60%
Eau pur Rosabyss
60%
Eau / Insecte Tarenbulle
60%
Eau / Sol Barloche
59%
Eau / Psy Denticrisse
59%
Eau pur Luminéon
59%
Eau / Poison Qwilfish
59%
Eau pur Sancoki
59%
Eau pur Serpang
59%
Eau pur Canarbello
57%
Eau pur Écayon
57%
Eau pur Manaphy
57%
Eau pur Phione
57%
Eau / Sol Tritosor
57%
Eau pur Arrozard
55%
Eau / Roche Carapagos
55%
Eau / Ténèbres Colhomard
55%
Eau / Roche Mégapagos
55%
Eau / Sol Crapustule
53%
Eau pur Flingouste
53%
Eau pur Tritonde
53%
Eau / Sol Batracné
52%
Eau pur Flotoutan
52%
Eau / Insecte Sovkipou
52%
Eau / Normal Castorno
50%
Eau pur Dofin
50%
Eau pur Flotajou
50%
Eau pur Froussardine
50%
Eau / Combat Keldeo
50%
Eau pur Mamanbo
50%
Eau pur Gamblast
48%
Eau pur Hastacuda
48%
Eau / Dragon Hydragon
48%
Eau pur Oyacata
48%
Eau pur Superdofin
48%
Eau / Fée Tokopisco
48%
Eau / Roche Corayon
47%
Eau pur Taupikeau
47%
Eau pur Triopikeau
47%
Eau / Poison Venalgue
47%
Eau / Roche Opermine
45%
Eau / Spectre Paragruel
45%
Eau / Poison Vorastérie
45%
Eau pur Concombaffe
43%
Eau pur Embrochet
43%
Eau / Roche Golgopathe
43%
Eau / Poison Prédastérie
43%
Eau / Insecte Sarmuraï
43%
Eau / Glace Hydragla
41%
Eau / Psy Délestin
40%
Eau / Vol Nigosier
40%
Eau / Roche Torgamord
38%
Eau pur Khélocrok
36%
Eau / Dragon Serpente-Eau
36%
Eau / Glace Hotte-de-Fer
33%
Eau / Plante Ogerpon (Masque du Puits)
33%
Eau / Combat Tauros de Paldéa (Race Aquatique)
19%
Eau / Électrik Motisma (Lavage)
16%
Eau / Dragon Nigiridon
3%
Eau / Combat Urshifu (Style Mille Poings)
3%
Aucun quiz correspondant
Distribution des résultats
% des personnes avec chaque résultat
Percentile par nombre de réponses
Votre historique - résultats
Vous n’avez pas pris ce quiz